000 00711nam a22002537i 4500
003 DO-SdBNP
005 20250421095853.0
007 ta
008 250421b2024 |||||||| |||| 00| 0 eng d
020 _a9789945800692
040 _aDO-SdBNP
_bspa
_cBNPHU
_erda
041 _hspa
082 _axxx
_bL579v
_222
100 1 _aLeón, Patricio
_eautor
_980614
245 1 3 _aUn viaje inmemorial /
_cPatricio León
264 _aSanto Domingo :
_bPatricio León,
_c2024.
300 _a42 paginas :
_bilustraciones ;
_c27 cm
336 _ardacontent
_btexto
_2txt
337 _ardamedia
_bsin mediación
_2n
338 _ardacarrier
_bvolumen
_2nc
590 _aInventariado, 2025/DG
910 _aDG
942 _2ddc
_cLF2
999 _c58144
_d58144